000 00545nam a2200217Ia 4500
003 OSt
005 20220924134107.0
006 a|||||r|||| 00| 0
007 ta
008 220923b |||||||| |||| 00| 0 snd d
024 _a272139
037 _cTextual
040 _aARTS
_cARTS
_bsnd
041 _2snd
_asnd
082 _aO1593mN42, [H2]
100 _aVaswani K K Jee
_9208056
245 0 _aZindagi ju ju chakar
260 _c1942
942 _hO1593mN42, [H2]
_cTEXL
_2CC
999 _c436356
_d436356